Loading...
Vili kelkkumo
| Main Author: | |
|---|---|
| Format: | Printed Book |
| Published: |
1989
|
| LEADER | 003330000a22001090004500 | ||
|---|---|---|---|
| 040 | |a MAL | ||
| 082 | |a A1 SIV/V M9 | ||
| 100 | |a Sivaraman, Kalavoor | ||
| 245 | |a Vili kelkkumo | ||
| 260 | |c 1989 | ||
| 999 | |c 20451 |d 20451 | ||
| 952 | |0 0 |1 0 |4 0 |6 A_000000000000000_1_SIVV_M9 |7 0 |8 MAL |9 20266 |a MGUL |b MGUL |d 2013-07-16 |l 0 |o A1 SIV/V M9 |p 18795 |r 2013-07-16 |w 2013-07-16 |y BK | ||